Between neural networks and social networks: between recognition and discrimination /
El siguiente artículo se constituye en un análisis del trabajo del señor T. Pettigrew: "Intergroup prejudice: Its causes a cures". La principal crítica se centra en que no queda particularmente claro cómo operan los prejuicios y cuál es la relación de este concepto con los estereotipos....
Uloženo v:
| Hlavní autor: | |
|---|---|
| Médium: | Text |
| Témata: | |
| Tagy: |
Přidat tag
Žádné tagy, Buďte první, kdo vytvoří štítek k tomuto záznamu!
|
MARC
| LEADER | 00000 a a2200000 04500 | ||
|---|---|---|---|
| 001 | 42313 | ||
| 003 | |||
| 040 | |||
| 100 | |a Pérez-Sánchez, Rolando | ||
| 245 | |a Between neural networks and social networks: |b between recognition and discrimination / |c Rolando Pérez-Sánchez | ||
| 500 | |a rolarez@gmail.com | ||
| 520 | |a El siguiente artículo se constituye en un análisis del trabajo del señor T. Pettigrew: "Intergroup prejudice: Its causes a cures". La principal crítica se centra en que no queda particularmente claro cómo operan los prejuicios y cuál es la relación de este concepto con los estereotipos. | ||
| 590 | |a RRH/MAYO2013 | ||
| 650 | |a PREJUICIO | ||
| 650 | |a DISCRIMINACION | ||
| 650 | |a TEORIA SOCIAL | ||
| 773 | |g volumen22, número109 ( , 2008), páginas 131-133 | ||
| 999 | |c 39940 |d 39940 | ||
| 773 | 0 | |0 18811 |9 3325 |a Universidad de Costa Rica. Instituto de Investigaciones en Psicología |d San José, C.R.: Editorial de la UCR |o 10848 |t Actualidades en Psicología / | |
